logo

Bir Sreshtho Munshi Abdur Rouf Library
Jhenaidah Cadet College

অরবিট বি পি এড গাইড / (Record no. 5818)

MARC details
000 -LEADER
fixed length control field 00695nam a2200205 a 4500
001 - CONTROL NUMBER
JCCL Control Number 5818
003 - CONTROL NUMBER IDENTIFIER
JCCL marc code BD-JhCC
005 - DATE AND TIME OF LATEST TRANSACTION
control field 20171227114810.0
008 - FIXED-LENGTH DATA ELEMENTS--GENERAL INFORMATION
fixed length control field 171218s20002013bg a|||| ||a| 000 0 ben d
035 ## - SYSTEM CONTROL NUMBER
system control number (BD-JhCC)5818
040 ## - CATALOGING SOURCE
Original cataloging agency BD-JhCC
Modifying agency BD-JhCC
041 ## - LANGUAGE CODE
Language code of Book ben
082 ## - DEWEY DECIMAL CLASSIFICATION NUMBER
Classification number 613.7
Author mark and Year ORB 2000
245 ## - TITLE STATEMENT
Title অরবিট বি পি এড গাইড /
Statement of responsibility, etc আবদুল মালেক তালুকদার (সম্পাদনা)
260 ## - PUBLICATION, DISTRIBUTION, ETC. (IMPRINT)
Place of publication, distribution, etc ঢাকা :
Name of publisher, distributor, etc বুকস এন্ড কম্পিউটার কমপ্লেক্স,
Date of publication, distribution, etc 2000.
300 ## - PHYSICAL DESCRIPTION
Pagination p. :
Dimensions 23 cm.
650 ## - SUBJECT ADDED ENTRY--TOPICAL TERM
Topical term or geographic name as entry element Physical Education
General subdivision Study and Teaching
942 ## - ADDED ENTRY ELEMENTS (KOHA)
Source of classification or shelving scheme Dewey Decimal Classification
Koha item type Books
Holdings
Source of classification or shelving scheme Damaged status Not for loan Home library Current library Shelving location Date of accession Cost, normal purchase price Total Checkouts Full call number Barcode Date last seen Copy number Koha item type
Dewey Decimal Classification     JCC Rouf Library JCC Rouf Library General Stacks 12/26/2017 410.00   613.7 ORB 2000 7924 12/27/2017 C-1 Books

JCC Library | Contacts | JCC Home

Last Update on 23 September 2017
Copyright @ 2017-2020 JCC Rouf Library
Rouf Library, Jhenidah Cadet College (JCC), Bangladesh